| 000 | 00437nam a2200169Ia 4500 | ||
|---|---|---|---|
| 008 | 180921t2015 xxu||||| |||| 00| 1 sin d | ||
| 041 | _asin | ||
| 080 |
_aX8C31 _bBAL |
||
| 100 | _aBalasuriya, Dinesha | ||
| 245 | _aපැණි කුරුල්ලෝ | ||
| 246 | _aPeni Kurullo | ||
| 260 |
_bMinsara Prakashakayo _aGampaha _c2015 |
||
| 300 | _a160p., 21cm | ||
| 942 | _cBK | ||
| 999 |
_c8253 _d8253 |
||
| 003 | LK-CoDNM | ||
| 040 |
_aLK-CoDNM _dLK-CoDNM _eLK-CoDNM |
||